Artes Visuales, Educación Artística: programa de estudio, primer año medio

Salvato in:
Dettagli Bibliografici
Natura: Libro
Lingua:spagnolo
Pubblicazione: Santiago Ministerio de Educación 1998
Serie:Educación Media, 1
Soggetti:
Tags: Aggiungi Tag
Nessun Tag, puoi essere il primo ad aggiungerne!!

MARC

LEADER 00000nam a2200000 a 4500
001 UCP0683
003 CL-VaPUC
008 990319e19980000CL |||||||||||||||||spa|d
082 0 4 |a 372.5  |b MIN  |2 21 
245 1 0 |a Artes Visuales, Educación Artística: programa de estudio, primer año medio 
300 |a 82 p 
942 |c BK 
945 |d 19990319 00:00:00  |a rbrito 
260 |a Santiago  |b Ministerio de Educación  |c 1998 
650 0 |a Educación artística  |9 269035 
650 0 |a Métodos de enseñanza  |9 270413 
650 0 |a Reforma educacional   |9 256319 
583 |a last modification  |c 20170828 12:06:24  |k Rodrigo Vera 
490 0 |a Educación Media, 1 
999 |c 279443  |d 279441 
952 |0 0  |1 0  |4 0  |6 372_500000000000000_MIN_1998  |7 0  |8 R  |9 318934  |a BIBEDU  |b BIBEDU  |d 2019-11-20  |i 3498948  |o 372.5 MIN 1998  |p 3498948  |r 2019-11-20  |w 2019-11-20  |y BK_R  |k EDU 
952 |0 0  |1 0  |4 0  |6 372_500000000000000_MIN_1998  |7 0  |8 R  |9 318935  |a BIBEDU  |b BIBEDU  |d 2019-11-20  |i 3499324  |o 372.5 MIN 1998  |p 3499324  |r 2019-11-20  |w 2019-11-20  |y BK_R  |k EDU 
952 |0 0  |1 0  |4 0  |6 372_500000000000000_MIN_1998  |7 0  |8 R  |9 318936  |a BIBEDU  |b BIBEDU  |d 2019-11-20  |i 365480K  |o 372.5 MIN 1998  |p 365480K  |r 2019-11-20  |w 2019-11-20  |y BK_R  |k BME 
952 |0 0  |1 0  |4 0  |6 372_500000000000000_MIN_1998  |7 0  |8 R  |9 318937  |a BIBEDU  |b BIBEDU  |d 2019-11-20  |i 3654818  |o 372.5 MIN 1998  |p 3654818  |r 2019-11-20  |w 2019-11-20  |y BK_R  |k BME 
952 |0 0  |1 0  |4 0  |6 372_500000000000000_MIN_1998  |7 0  |8 R  |9 318938  |a BIBEDU  |b BIBEDU  |d 2019-11-20  |i 3654826  |o 372.5 MIN 1998  |p 3654826  |r 2019-11-20  |w 2019-11-20  |y BK_R  |k BME 
952 |0 0  |1 0  |4 0  |6 372_500000000000000_MIN_1998  |7 0  |8 R  |9 318939  |a BIBEDU  |b BIBEDU  |d 2019-11-20  |i 3654834  |o 372.5 MIN 1998  |p 3654834  |r 2019-11-20  |w 2019-11-20  |y BK_R  |k BME 
952 |0 0  |1 0  |4 0  |6 372_500000000000000_MIN_1998  |7 0  |8 R  |9 318941  |a BIBEDU  |b BIBEDU  |d 2019-11-20  |i 3656195  |o 372.5 MIN 1998  |p 3656195  |r 2019-11-20  |w 2019-11-20  |y BK_R  |k BME 
952 |0 0  |1 0  |4 0  |6 372_500000000000000_MIN_1998  |7 0  |8 R  |9 318942  |a BIBEDU  |b BIBEDU  |d 2019-11-20  |i 3778746  |o 372.5 MIN 1998  |p 3778746  |r 2019-11-20  |w 2019-11-20  |y BK_R  |k EPE